000 00833nam a2200253 a 4500
001 BRCA_1989
005 20190320203628.0
008 110408s1950----fr-a---###---#000-0#fre-#
041 _afre
044 _afr
050 4 _aNK9204
_b.D55 1950
100 1 _aDillmont, Thérèse de
_96100
245 1 0 _aEncyclopédie des Ouvrages de Dames
_cpar Thérèse de Dillmont.
260 _aDornach (Alsace)
_bTh. de Dillmont
_c[1950]
300 _a742 p.
_bil. (algunas a color), diagramas, fotografías
_c23 cm.
_e1 cuadernillo
440 0 _aBibliothèque D.M.C
_96101
500 _aIncluye lista de artículos especiales de algodón, seda y lino
500 _aCon ex-libris de : José Ignacio Iturbide
650 1 4 _aBordado
_vManuales
_96102
650 1 4 _aTapicería
_96103
650 1 4 _aCostura
_96104
902 _aREF
942 _2lcc
_cB
999 _c1757
_d1757